[Event "?"]
[Site "?"]
[Date "2004.03.21"]
[Round "1.35"]
[White "Cinar, N."]
[Black "Djingarova, E."]
[Result "1/2-1/2"]
[WhiteElo "2092"]
[BlackElo "2344"]
[PlyCount "62"]
[EventDate "2004.??.??"]

1. e4 e5 2. Nf3 Nc6 3. Nc3 Nf6 4. d4 exd4 5. Nxd4 Bb4 6. Nxc6 bxc6 7. Bd3 d5 8.
exd5 cxd5 9. O-O O-O 10. Bg5 c6 11. Qf3 Be7 12. Rfe1 Re8 13. h3 h6 14. Bd2 Bd7
15. Ne2 c5 16. Ng3 c4 17. Bf5 Bc6 18. Nh5 Nxh5 19. Qxh5 Bg5 20. Rxe8+ Bxe8 21.
Bxg5 Qxg5 22. Qxg5 hxg5 23. Rd1 Bc6 24. Bg4 a5 25. Bf3 a4 26. a3 Rb8 27. Bxd5
Bxd5 28. Rxd5 Rxb2 29. Ra5 Rxc2 30. Rxa4 Rc1+ 31. Kh2 Ra1 1/2-1/2

[Event "?"]
[Site "?"]
[Date "2004.03.21"]
[Round "1.36"]
[White "Mamedjarova, Z."]
[Black "Bakalarz, G."]
[Result "1-0"]
[WhiteElo "2341"]
[BlackElo "2082"]
[PlyCount "83"]
[EventDate "2004.??.??"]

1. e4 c5 2. Nf3 e6 3. d4 cxd4 4. Nxd4 Nf6 5. Nc3 Nc6 6. Ndb5 Bb4 7. a3 Bxc3+ 8.
Nxc3 d5 9. exd5 exd5 10. Bd3 O-O 11. O-O d4 12. Ne4 Bf5 13. Bg5 Bxe4 14. Bxe4
h6 15. Bh4 g5 16. Bxc6 bxc6 17. Bg3 Qd5 18. Re1 Ne4 19. Qd3 f5 20. f3 Nxg3 21.
hxg3 Rae8 22. Rad1 Rxe1+ 23. Rxe1 Kg7 24. f4 Rf7 25. Re5 Qd7 26. fxg5 hxg5 27.
g4 Kg6 28. gxf5+ Kg7 29. Re6 Rf6 30. Qe2 Qd5 31. Re7+ Kh6 32. g4 Qd6 33. Re6
Rxe6 34. Qxe6+ Qxe6 35. fxe6 Kg6 36. Kf2 Kf6 37. Kf3 Kxe6 38. Ke4 c5 39. b4 Kd6
40. b5 Ke6 41. a4 Kd6 42. a5 1-0

[Event "?"]
[Site "?"]
[Date "2004.03.21"]
[Round "1.37"]
[White "Schulz, S."]
[Black "Zaiatz, E."]
[Result "1/2-1/2"]
[WhiteElo "2079"]
[BlackElo "2333"]
[PlyCount "81"]
[EventDate "2004.??.??"]

1. e4 e5 2. Nf3 Nc6 3. Bc4 Bc5 4. c3 Nf6 5. d4 exd4 6. cxd4 Bb4+ 7. Bd2 Bxd2+
8. Nbxd2 d5 9. exd5 Nxd5 10. Qb3 Nce7 11. O-O O-O 12. Ne4 c6 13. Rfe1 h6 14.
Ne5 f6 15. Nd3 Kh8 16. Rad1 b6 17. h3 a5 18. Nc3 a4 19. Qa3 Bf5 20. Nxd5 Nxd5
21. Bxd5 Qxd5 22. Nb4 Qc4 23. Rc1 Qxd4 24. Nxc6 Qf4 25. Ne7 Bh7 26. Qe3 Qxe3
27. Rxe3 Rfe8 28. Rc7 Rad8 29. Rec3 Rd1+ 30. Kh2 Bb1 31. b3 Rd2 32. bxa4 Rxf2
33. a3 Re2 34. Nd5 Be4 35. Nf4 Ra2 36. Re3 f5 37. Rg3 Rf2 38. Rgxg7 Rxf4 39.
Rh7+ Kg8 40. Rcg7+ Kf8 41. Rf7+ 1/2-1/2

[Event "?"]
[Site "?"]
[Date "2004.03.21"]
[Round "1.38"]
[White "Bosboom-Lanchava, T."]
[Black "Seps, M."]
[Result "1-0"]
[WhiteElo "2323"]
[BlackElo "2078"]
[PlyCount "51"]
[EventDate "2004.??.??"]

1. d4 d5 2. Nf3 Nf6 3. c4 c6 4. e3 a6 5. Nc3 e6 6. Bd3 b5 7. b3 Nbd7 8. O-O Bd6
9. e4 Bb4 10. e5 Bxc3 11. exf6 Nxf6 12. Rb1 h6 13. c5 Ba5 14. Ne5 Bb7 15. f4
Bc7 16. f5 exf5 17. Bxf5 Bxe5 18. dxe5 Ne4 19. Qg4 Qe7 20. Qxg7 Qxc5+ 21. Kh1
Qf8 22. Qg4 Qg8 23. Qh5 c5 24. e6 Qg7 25. exf7+ Kd8 26. Bxe4 1-0

[Event "?"]
[Site "?"]
[Date "2004.03.21"]
[Round "1.39"]
[White "Von Herman, B."]
[Black "Shaidullina, S."]
[Result "1/2-1/2"]
[WhiteElo "2066"]
[BlackElo "2316"]
[PlyCount "110"]
[EventDate "2004.??.??"]

1. e4 c5 2. c3 d5 3. exd5 Qxd5 4. d4 g6 5. Nf3 Bg7 6. Be2 cxd4 7. cxd4 Nf6 8.
Nc3 Qa5 9. O-O O-O 10. h3 Nc6 11. Bc4 Rd8 12. a3 a6 13. Be3 b5 14. Ba2 e6 15.
Qd2 Bb7 16. Rfe1 Rd7 17. b4 Qd8 18. Rad1 Rc8 19. Bg5 Ne7 20. Ne5 Rdc7 21. Nxf7
Kxf7 22. Bxe6+ Kf8 23. Bxf6 Bxf6 24. Qh6+ Bg7 25. Qf4+ Nf5 26. Bxc8 Rxc8 27.
Ne4 Kg8 28. Nc5 Bd5 29. Ne6 Bxe6 30. Rxe6 Nxd4 31. Rd6 Ne2+ 32. Kf1 Qe7 33. Qd2
Nc3 34. Re1 Qc7 35. Kg1 Rf8 36. Rd7 Qc6 37. Ree7 Bf6 38. Rxh7 Bd4 39. Qh6 Ne2+
40. Kh1 Qxg2+ 41. Kxg2 Rxf2+ 42. Kh1 Ng3+ 43. Kg1 Ne2+ 44. Kh1 Rf1+ 45. Kg2
Rf2+ 46. Kh1 Ng3+ 47. Kg1 Ne2+ 48. Kh1 Rf1+ 49. Kg2 Rf2+ 50. Kh1 Ng3+ 51. Kg1
Ne2+ 52. Kh1 Rf1+ 53. Kg2 Rf2+ 54. Kh1 Ng3+ 55. Kg1 Ne2+ 1/2-1/2

[Event "?"]
[Site "?"]
[Date "2004.03.21"]
[Round "1.40"]
[White "Olarasu, G."]
[Black "Topel, Z."]
[Result "1-0"]
[WhiteElo "2311"]
[BlackElo "2056"]
[PlyCount "81"]
[EventDate "2004.??.??"]

1. Nf3 Nf6 2. c4 g6 3. g3 Bg7 4. Bg2 O-O 5. d4 d6 6. O-O c5 7. d5 Nbd7 8. Nc3
Ne5 9. Nd2 b6 10. h3 Nh5 11. Kh2 f5 12. f4 Nf7 13. e4 Nf6 14. Qe2 e5 15. dxe6
Bxe6 16. exf5 Bxf5 17. g4 Bd7 18. Bxa8 Qxa8 19. Nf3 Re8 20. Qd3 Bc6 21. Bd2 d5
22. cxd5 Nxd5 23. Nxd5 Bxd5 24. Rae1 Rd8 25. Bc3 Bxa2 26. Qe3 Bc4 27. Rf2 Bxc3
28. Qxc3 Bb5 29. Re7 Re8 30. Rxf7 Kxf7 31. Qb3+ Kf8 32. Qxb5 Qe4 33. Ne5 Qd4
34. Kg1 Qe3 35. Qc6 Qb3 36. Qf3 Qa2 37. Rd2 Re7 38. Kg2 Kg7 39. Qc3 Kf8 40.
Rd8+ Re8 41. Nd7+ 1-0

[Event "?"]
[Site "?"]
[Date "2004.03.21"]
[Round "1.41"]
[White "Horn, E."]
[Black "Sudakova, I."]
[Result "0-1"]
[WhiteElo "2051"]
[BlackElo "2310"]
[PlyCount "64"]
[EventDate "2004.??.??"]

1. e4 c5 2. Nf3 Nc6 3. Bb5 g6 4. Bxc6 bxc6 5. d3 Bg7 6. Nc3 d6 7. h3 e5 8. O-O
Nf6 9. Bg5 h6 10. Be3 O-O 11. Qd2 Kh7 12. Nh2 Qe7 13. Na4 Nh5 14. g4 Nf6 15. c4
Ng8 16. Nc3 f5 17. exf5 gxf5 18. f3 Be6 19. Qe2 Rf7 20. f4 Raf8 21. fxe5 Bxe5
22. gxf5 Bxf5 23. Ng4 Bxg4 24. Rxf7+ Rxf7 25. hxg4 Qh4 26. Qg2 Rg7 27. Bf2 Bd4
28. Qe4+ Kh8 29. Bxd4 cxd4 30. Qxd4 c5 31. Qd5 Rxg4+ 32. Kf1 Qh3+ 0-1

[Event "?"]
[Site "?"]
[Date "2004.03.21"]
[Round "1.42"]
[White "Levushkina, E."]
[Black "Apanaviciute, K."]
[Result "1-0"]
[WhiteElo "2303"]
[BlackElo "2041"]
[PlyCount "107"]
[EventDate "2004.??.??"]

1. e4 e5 2. Nf3 Nf6 3. Nc3 Bb4 4. Nxe5 O-O 5. Be2 d6 6. Nd3 Bxc3 7. dxc3 Nxe4
8. O-O Nc6 9. Re1 d5 10. Nf4 Ne7 11. c4 Nf6 12. Bf3 c6 13. Be3 b6 14. Bd4 Ng6
15. Nxg6 hxg6 16. cxd5 Nxd5 17. c4 Ne7 18. Bxg7 Kxg7 19. Qxd8 Rxd8 20. Rxe7 Be6
21. b3 Rd6 22. Rc7 Bd7 23. Rxd7 Rxd7 24. Bxc6 Rad8 25. Bxd7 Rxd7 26. g3 Rd2 27.
Kg2 Kf6 28. Kf3 Kf5 29. h4 Rd3+ 30. Ke2 Rd4 31. Rd1 Re4+ 32. Kf3 Re7 33. Rd2
Kf6 34. Kf4 Re6 35. g4 Kg7 36. f3 Rf6+ 37. Kg3 Re6 38. b4 Rc6 39. Rc2 Kf6 40.
Kf4 a5 41. bxa5 bxa5 42. c5 Ke6 43. Kg5 Ke7 44. h5 gxh5 45. gxh5 Kf8 46. Kf5
Ke7 47. f4 Rf6+ 48. Kg5 Rc6 49. h6 Kf8 50. f5 Kg8 51. f6 Kh7 52. Kf5 Kh8 53.
Ke5 Kh7 54. Kd5 1-0

[Event "?"]
[Site "?"]
[Date "2004.03.21"]
[Round "1.43"]
[White "Roelli, C."]
[Black "Lagvilava, G."]
[Result "0-1"]
[WhiteElo "2020"]
[BlackElo "2302"]
[PlyCount "44"]
[EventDate "2004.??.??"]

1. d4 f5 2. Nf3 Nf6 3. c4 g6 4. g3 Bg7 5. Bg2 O-O 6. Nc3 d6 7. O-O c6 8. Qc2
Na6 9. a3 Nc7 10. b4 Qe8 11. Bb2 Qf7 12. Qd3 h6 13. Rab1 Bd7 14. Nd2 Rab8 15.
f4 b5 16. c5 Rbd8 17. e4 dxc5 18. dxc5 fxe4 19. Ncxe4 Bg4 20. Qc2 Be2 21. f5
Bd3 22. fxg6 Qe6 0-1

[Event "?"]
[Site "?"]
[Date "2004.03.21"]
[Round "1.44"]
[White "Krivec, J."]
[Black "Cavusoglu, Y."]
[Result "1-0"]
[WhiteElo "2301"]
[BlackElo "2013"]
[PlyCount "109"]
[EventDate "2004.??.??"]

1. e4 c6 2. d4 d5 3. Nc3 dxe4 4. Nxe4 Bf5 5. Ng3 Bg6 6. Bc4 e6 7. N1e2 Nf6 8.
Nf4 Nd5 9. c3 Qc7 10. Qf3 Nxf4 11. Bxf4 Bd6 12. Ne2 Nd7 13. Bxd6 Qxd6 14. Nf4
Nb6 15. Bb3 Nd5 16. Nxd5 exd5 17. O-O O-O 18. Rae1 Rae8 19. Re3 Re6 20. Rfe1
Rfe8 21. Qh3 Rxe3 22. Rxe3 Rxe3 23. Qxe3 Kf8 24. Bd1 Qe7 25. Bg4 Qxe3 26. fxe3
Ke7 27. b4 Kd6 28. Be2 a6 29. a4 Bc2 30. a5 Bf5 31. g4 Be6 32. g5 Bf5 33. Kf2
Ke7 34. Kg3 f6 35. h4 fxg5 36. hxg5 Ke6 37. Kf4 g6 38. c4 Kd6 39. b5 cxb5 40.
cxb5 Bc8 41. Bd3 axb5 42. Bxb5 Be6 43. Bd3 Bd7 44. e4 dxe4 45. Bxe4 Bc8 46. Bf3
Kc7 47. Ke5 Bf5 48. Kf6 Kb8 49. Kg7 Ka7 50. Kxh7 b5 51. axb6+ Kxb6 52. Bd5 Kc7
53. Bf7 Kd6 54. Bxg6 Be6 55. Be4 1-0

[Event "?"]
[Site "?"]
[Date "2004.03.21"]
[Round "1.45"]
[White "Winnicki, A."]
[Black "Calzetta Ruiz, M."]
[Result "0-1"]
[WhiteElo "2013"]
[BlackElo "2291"]
[PlyCount "60"]
[EventDate "2004.??.??"]

1. e4 c5 2. Nf3 Nc6 3. d4 cxd4 4. Nxd4 g6 5. Nc3 Bg7 6. Be3 Nf6 7. Bc4 d6 8. f3
O-O 9. Qd2 Nd7 10. h4 Nb6 11. Bb3 Na5 12. O-O-O Nbc4 13. Qd3 Nxe3 14. Qxe3
Nxb3+ 15. axb3 Bd7 16. h5 a5 17. Qg5 a4 18. bxa4 Bxa4 19. Nf5 f6 20. Nh6+ Kh8
21. Qe3 Bxh6 22. Qxh6 g5 23. f4 gxf4 24. Qxf4 Bc6 25. g4 Rg8 26. Rhg1 Ra1+ 27.
Kd2 Ra5 28. Ne2 Qb6 29. b3 Qb4+ 30. Nc3 Qd4+ 0-1

[Event "?"]
[Site "?"]
[Date "2004.03.21"]
[Round "1.46"]
[White "Calotescu, A."]
[Black "Grossmann, S."]
[Result "1-0"]
[WhiteElo "2290"]
[BlackElo "1977"]
[PlyCount "65"]
[EventDate "2004.??.??"]

1. Nf3 g6 2. c4 Bg7 3. d4 d6 4. g3 Nc6 5. Bg2 e5 6. d5 Nce7 7. Nc3 f5 8. e4 h6
9. O-O Nf6 10. Ne1 O-O 11. exf5 gxf5 12. f4 e4 13. Be3 Bd7 14. Nc2 Qe8 15. Rc1
b6 16. b4 Qg6 17. Bd4 Nh5 18. Ne3 Bxd4 19. Qxd4 Nf6 20. c5 h5 21. Rf2 Rf7 22.
cxd6 cxd6 23. Bf1 Rg7 24. Ng2 Rc8 25. Ba6 Rc7 26. Rcc2 Ng4 27. Rfd2 Nxh2 28.
Kxh2 Qxg3+ 29. Kg1 h4 30. Bf1 h3 31. Nd1 Rxc2 32. Rxc2 Qxf4 33. Qxg7+ 1-0

[Event "?"]
[Site "?"]
[Date "2004.03.21"]
[Round "1.47"]
[White "Hielscher, U."]
[Black "Dragomirescu, A."]
[Result "0-1"]
[WhiteElo "1974"]
[BlackElo "2288"]
[PlyCount "54"]
[EventDate "2004.??.??"]

1. d4 g6 2. c4 Bg7 3. Nc3 d6 4. e4 e5 5. d5 Ne7 6. Bg5 f6 7. Be3 O-O 8. Qd2 f5
9. Bh6 Bxh6 10. Qxh6 fxe4 11. Nxe4 Nf5 12. Qg5 Qxg5 13. Nxg5 Nd4 14. Bd3 Na6
15. Rd1 Nb4 16. a3 Nbc2+ 17. Bxc2 Nxc2+ 18. Ke2 Nd4+ 19. Ke1 h6 20. Ne4 Bf5 21.
Nc3 Bc2 22. Rc1 Bd3 23. Nce2 c5 24. Rc3 e4 25. f3 exf3 26. gxf3 Bxe2 27. Nxe2
Rae8 0-1

[Event "?"]
[Site "?"]
[Date "2004.03.21"]
[Round "1.48"]
[White "Malysheva, P."]
[Black "Ozturk, K."]
[Result "1-0"]
[WhiteElo "2281"]
[BlackElo "1957"]
[PlyCount "61"]
[EventDate "2004.??.??"]

1. e4 e5 2. Nf3 Nc6 3. Bb5 a6 4. Ba4 Nf6 5. d4 exd4 6. O-O Bc5 7. e5 Nd5 8. c3
O-O 9. cxd4 Bb6 10. Nc3 Nxc3 11. bxc3 d5 12. exd6 Qxd6 13. Bc2 Ne7 14. a4 Re8
15. Re1 h6 16. Ba3 Qf6 17. Qe2 Be6 18. Bxe7 Rxe7 19. d5 Qxc3 20. dxe6 Rxe6 21.
Qd3 Qxd3 22. Bxd3 Rxe1+ 23. Rxe1 Rd8 24. Bc4 g5 25. h3 Kg7 26. Re7 Rd1+ 27. Kh2
Bxf2 28. Rxf7+ Kh8 29. Ne5 Bg1+ 30. Kg3 Rd6 31. Rf1 1-0

[Event "?"]
[Site "?"]
[Date "2004.03.21"]
[Round "1.49"]
[White "Bayrak, A."]
[Black "Smokina, K."]
[Result "1/2-1/2"]
[WhiteElo "1898"]
[BlackElo "2278"]
[PlyCount "81"]
[EventDate "2004.??.??"]

1. e4 c5 2. Nc3 Nc6 3. g3 g6 4. Bg2 Bg7 5. d3 d6 6. f4 e6 7. Nf3 Nge7 8. Be3
Nd4 9. e5 Nef5 10. Bf2 Nxf3+ 11. Qxf3 Nd4 12. Qd1 dxe5 13. fxe5 Bxe5 14. Ne4 f5
15. Nxc5 Qa5+ 16. c3 Qxc5 17. Bxd4 Bxd4 18. Qa4+ Bd7 19. Qxd4 Qxd4 20. cxd4
O-O-O 21. Rc1+ Kb8 22. Kd2 Bc8 23. Rc4 Rd6 24. Rhc1 Rhd8 25. Ke3 b6 26. Rc7
R6d7 27. Rxd7 Rxd7 28. Bf3 g5 29. Rc4 Bb7 30. Bxb7 Kxb7 31. a4 a6 32. b3 Rf7
33. b4 Re7 34. a5 h5 35. axb6 Kxb6 36. Rc5 Rd7 37. Re5 Rd6 38. h4 gxh4 39. gxh4
Kc7 40. d5 Rxd5 41. Rxe6 1/2-1/2

[Event "?"]
[Site "?"]
[Date "2004.03.21"]
[Round "1.50"]
[White "Chasovnikova, E."]
[Black "Acar, G."]
[Result "1-0"]
[WhiteElo "2277"]
[BlackElo "1888"]
[PlyCount "61"]
[EventDate "2004.??.??"]

1. d4 d5 2. c4 c6 3. Nc3 Nf6 4. Nf3 dxc4 5. Ne5 b5 6. a4 Qb6 7. g3 Nbd7 8. Bg2
Nxe5 9. dxe5 Ng4 10. O-O b4 11. a5 Qa6 12. Na4 Qb5 13. Bf4 Be6 14. h3 Rd8 15.
Qc1 g5 16. Bxg5 Nxe5 17. Be3 Bd5 18. Bxa7 Bxg2 19. Kxg2 Qd5+ 20. Kh2 h5 21. Bb6
Rd6 22. Rd1 Qe4 23. Qf4 Ng4+ 24. Kg1 Qxf4 25. gxf4 Nf6 26. a6 Bg7 27. a7 Rxd1+
28. Rxd1 O-O 29. Rd8 c3 30. Rxf8+ Bxf8 31. bxc3 1-0

[Event "?"]
[Site "?"]
[Date "2004.03.21"]
[Round "1.51"]
[White "Oney, F."]
[Black "Tsiganova, M."]
[Result "0-1"]
[WhiteElo "1809"]
[BlackElo "2269"]
[PlyCount "86"]
[EventDate "2004.??.??"]

1. d4 Nf6 2. Nf3 e6 3. Bg5 c5 4. c3 h6 5. Bxf6 Qxf6 6. Qc2 cxd4 7. cxd4 Nc6 8.
e3 b6 9. a3 Bb7 10. Nc3 Rc8 11. Be2 g5 12. Rd1 g4 13. Nd2 h5 14. Nde4 Qg6 15.
Bd3 f5 16. Nd2 Be7 17. Rg1 h4 18. Nf1 Kf7 19. Qe2 Qg7 20. Ba6 Bxa6 21. Qxa6 d5
22. Qd3 Qf6 23. Ne2 Na5 24. Nf4 Nc4 25. Qe2 Rc6 26. Rc1 Rhc8 27. Nd3 Bd6 28.
Rc2 Qg5 29. g3 h3 30. Nf4 b5 31. Nd3 a5 32. Kd1 a4 33. Nd2 Nxe3+ 34. fxe3 Rxc2
35. Rf1 Kg7 36. Qe1 R2c6 37. Ke2 Qe7 38. Qf2 Rc2 39. Kd1 b4 40. axb4 Bxb4 41.
Nxb4 Qxb4 42. Re1 Rc1+ 43. Ke2 Qb5+ 0-1

[Event "?"]
[Site "?"]
[Date "2004.03.22"]
[Round "2.1"]
[White "Cramling, P."]
[Black "Stepovaia, T."]
[Result "1/2-1/2"]
[WhiteElo "2488"]
[BlackElo "2374"]
[PlyCount "64"]
[EventDate "2004.??.??"]

1. d4 d5 2. Nf3 Nf6 3. c4 dxc4 4. e3 e6 5. Bxc4 c5 6. Qe2 a6 7. dxc5 Bxc5 8.
O-O b5 9. Bd3 Nc6 10. Nbd2 O-O 11. Rd1 Qc7 12. Nb3 Bd6 13. Bd2 Bb7 14. Rac1 Qb8
15. Nc5 Ne5 16. Nxe5 Bxe5 17. Bc3 Ra7 18. Bxe5 Qxe5 19. Bb1 Ba8 20. f4 Qb8 21.
Qd3 g6 22. Qd4 Nd5 23. g3 Re8 24. e4 Nb6 25. b3 a5 26. Qd3 Bc6 27. Qd6 Ba8 28.
Qd3 Bc6 29. Qe3 Nd7 30. a3 Nxc5 31. Rxc5 Rc8 32. Rdc1 Rac7 1/2-1/2

[Event "?"]
[Site "?"]
[Date "2004.03.22"]
[Round "2.2"]
[White "Dworakowska, J."]
[Black "Stefanova, A."]
[Result "0-1"]
[WhiteElo "2370"]
[BlackElo "2478"]
[PlyCount "178"]
[EventDate "2004.??.??"]

1. e4 e5 2. Nf3 Nc6 3. Bc4 Bc5 4. b4 Bxb4 5. c3 Ba5 6. d4 exd4 7. Qb3 Qe7 8.
O-O Bb6 9. cxd4 Nxd4 10. Nxd4 Bxd4 11. Nc3 d6 12. Nd5 Qd7 13. Bb2 Bxb2 14. Qxb2
Nf6 15. Rac1 c6 16. Nxf6+ gxf6 17. Qxf6 Rg8 18. Rfd1 Qe7 19. Rxd6 Be6 20. Qf4
Rg4 21. Qe5 Rxg2+ 22. Kh1 Rg5 23. Qh8+ Qf8 24. Qxf8+ Kxf8 25. Bxe6 fxe6 26.
Rxe6 Rd8 27. f4 Rg4 28. Rf6+ Kg7 29. e5 Rd2 30. Rb1 b6 31. Rxc6 Rxf4 32. Rg1+
Kf8 33. Rh6 Rxa2 34. Rxh7 Rf7 35. Rh6 Ke7 36. Rc1 Rff2 37. e6 Rfe2 38. Rc7+ Kd6
39. Rd7+ Kc5 40. Rd1 Re5 41. Rc1+ Kb5 42. Rb1+ Kc5 43. Rc1+ Kb5 44. Rb1+ Ka6
45. Rc1 Re4 46. Rd1 Ree2 47. Rc1 Re4 48. Rd1 Kb5 49. Rb1+ Kc5 50. Rc1+ Kb4 51.
Rb1+ Kc3 52. Rh3+ Kc4 53. Rh6 b5 54. Rc1+ Kd4 55. Rd1+ Kc3 56. Rh3+ Kc4 57.
Rc1+ Kd4 58. Rd1+ Kc5 59. Rh5+ Kb6 60. Rh6 Kc5 61. Rh5+ Kb6 62. Rh6 Ka5 63. Rh7
a6 64. e7 b4 65. Rb1 Rae2 66. Rh5+ Ka4 67. Ra1+ Kb3 68. Rb1+ Kc4 69. Rc1+ Kd4
70. Rd1+ Kc3 71. Rc5+ Kb2 72. Rd6 Rxe7 73. Rb6 b3 74. Rxa6 Rh7 75. Rb6 Rhxh2+
76. Kg1 Rc2 77. Rcb5 Rh3 78. Rb8 Rd3 79. Rf5 Rd1+ 80. Rf1 Rcc1 81. Rxd1 Rxd1+
82. Kf2 Kc2 83. Rc8+ Kb1 84. Ke2 Rd5 85. Rb8 b2 86. Rb7 Ra5 87. Kd2 Ka2 88. Kc2
Rc5+ 89. Kd2 b1=Q 0-1

[Event "?"]
[Site "?"]
[Date "2004.03.22"]
[Round "2.4"]
[White "Muzychuk, A."]
[Black "Zhukova, N."]
[Result "1-0"]
[WhiteElo "2367"]
[BlackElo "2462"]
[PlyCount "155"]
[EventDate "2004.??.??"]

1. e4 e6 2. d4 d5 3. exd5 exd5 4. Nf3 Bd6 5. h3 Nc6 6. Be2 Nge7 7. O-O Bf5 8.
c4 dxc4 9. Bxc4 O-O 10. Nc3 Bg6 11. Bg5 h6 12. Bh4 Qd7 13. d5 Ne5 14. Nxe5 Bxe5
15. Re1 Nf5 16. Rxe5 Nxh4 17. Qe2 a6 18. Re1 Nf5 19. Bd3 Nd4 20. Qd1 Bxd3 21.
Qxd3 Nc6 22. R5e3 Na7 23. Re7 Qd6 24. Qg3 Qxg3 25. fxg3 Rac8 26. R1e4 Nb5 27.
Nxb5 axb5 28. Rb4 Rfd8 29. Rxb5 Kf8 30. Re3 b6 31. Rc3 Rd6 32. a4 Ke7 33. a5
Kd7 34. axb6 cxb6 35. Kf2 Ra8 36. g4 Ra1 37. Rf3 Ke7 38. Rfb3 Rd1 39. Rxb6 Rxb6
40. Rxb6 Rxd5 41. Ke3 Rd1 42. Rc6 Re1+ 43. Kf2 Rb1 44. Rc2 Ke6 45. Ke3 Kd5 46.
Rf2 f6 47. Kf4 g6 48. Rd2+ Ke6 49. Ke4 Rf1 50. Kd4 Kd6 51. Kc4+ Kc6 52. Kb4 f5
53. gxf5 Rxf5 54. Re2 Rf6 55. Ka5 Rf5+ 56. Ka6 Kc5 57. Re4 Rf2 58. b4+ Kd5 59.
Rg4 Rf6+ 60. Kb5 g5 61. Rg3 Kd4 62. Rg4+ Kd5 63. h4 gxh4 64. Rxh4 Rg6 65. Rh5+
Kd6 66. Kb6 Kd7+ 67. Kb7 Rxg2 68. Rxh6 Rb2 69. Rh4 Rb1 70. Rc4 Kd6 71. Kb6 Kd5
72. Rc5+ Kd6 73. b5 Ra1 74. Rc2 Kd7 75. Kb7 Ra3 76. b6 Ra1 77. Rd2+ Ke7 78. Rd4
1-0

[Event "?"]
[Site "?"]
[Date "2004.03.22"]
[Round "2.5"]
[White "Dzagnidze, N."]
[Black "Mamedjarova, Z."]
[Result "0-1"]
[WhiteElo "2457"]
[BlackElo "2341"]
[PlyCount "140"]
[EventDate "2004.??.??"]

1. d4 d5 2. Nf3 e6 3. e3 Nf6 4. c4 c5 5. Nc3 cxd4 6. exd4 Be7 7. c5 O-O 8. b4
b6 9. Bd2 Ne4 10. Bd3 Nxd2 11. Kxd2 bxc5 12. bxc5 Nc6 13. Qa4 Bd7 14. Bb5 Qc7
15. Bxc6 Bxc6 16. Qc2 f6 17. Rhe1 e5 18. Ke2 exd4 19. Nxd4 Rfe8 20. Kf1 Bxc5
21. Nf3 d4 22. Ne4 Bxe4 23. Rxe4 Rxe4 24. Qxe4 Rd8 25. Rc1 Qd6 26. Qd3 Bb6 27.
h4 Ba5 28. h5 Bc3 29. h6 g6 30. Rb1 Qd5 31. Kg1 Kf7 32. Rb5 Qc6 33. Qb1 Rd7 34.
Rb8 d3 35. Qb3+ Ke7 36. Qg8 Kd6 37. Rc8 Rc7 38. Rd8+ Rd7 39. Re8 Kc5 40. Qb3
Ba5 41. Re6 Qb5 42. Qd1 Qc4 43. Re8 Qc2 44. Qa1 d2 45. Nxd2 Qxd2 46. Qxf6 Qd1+
47. Kh2 Qd6+ 48. Qxd6+ Kxd6 49. Kg3 Bd2 50. f4 a5 51. Kg4 Bc3 52. Kg5 Rf7 53.
Rc8 Bd4 54. Kg4 Kd5 55. g3 a4 56. Ra8 Ra7 57. Re8 a3 58. f5 gxf5+ 59. Kxf5 Rf7+
60. Kg5 Bb2 61. Rd8+ Ke4 62. Rd1 Be5 63. Re1+ Kd4 64. g4 Rf2 65. Rd1+ Kc3 66.
Kh5 Rxa2 67. Rd7 Rh2+ 68. Kg5 a2 69. Ra7 Kb3 70. Rb7+ Kc4 0-1

[Event "?"]
[Site "?"]
[Date "2004.03.22"]
[Round "2.6"]
[White "Bosboom-Lanchava, T."]
[Black "Kovalevskaya, E."]
[Result "1-0"]
[WhiteElo "2323"]
[BlackElo "2451"]
[PlyCount "57"]
[EventDate "2004.??.??"]

1. d4 d6 2. c4 e5 3. Nf3 e4 4. Ng5 Nf6 5. Nc3 Bf5 6. Qc2 Qd7 7. e3 c6 8. d5 Na6
9. Ngxe4 Nxe4 10. Nxe4 Rc8 11. Bd3 Bg6 12. Qe2 Nb4 13. f3 cxd5 14. cxd5 Nxd3+
15. Qxd3 Be7 16. Bd2 O-O 17. O-O f5 18. Nf2 Bf6 19. Bc3 Bxc3 20. bxc3 Rc5 21.
Rab1 Rfc8 22. Rb3 b6 23. Nh3 Qe7 24. Ra3 Qe5 25. f4 Qe7 26. Ng5 Rc4 27. Ne6 Re4
28. Qa6 Bf7 29. Qxc8+ 1-0

[Event "?"]
[Site "?"]
[Date "2004.03.22"]
[Round "2.7"]
[White "Kosintseva, T."]
[Black "Olarasu, G."]
[Result "1-0"]
[WhiteElo "2447"]
[BlackElo "2311"]
[PlyCount "133"]
[EventDate "2004.??.??"]

1. e4 e5 2. Nf3 Nc6 3. d4 exd4 4. Nxd4 Bc5 5. Be3 Qf6 6. c3 Nge7 7. Qd2 a6 8.
f4 Bxd4 9. cxd4 d5 10. e5 Qg6 11. Nc3 Nb4 12. Rc1 Bf5 13. Kf2 Bd3 14. Ne2 Nbc6
15. g4 Bb5 16. h3 f5 17. g5 h5 18. b3 Qf7 19. Rc5 Kd7 20. a4 Bxe2 21. Bxe2 Nd8
22. Rhc1 Ne6 23. R5c2 Rhd8 24. Qb4 Rab8 25. Qa5 Ke8 26. b4 g6 27. b5 b6 28. Qb4
a5 29. Qb3 Rd7 30. Rd1 Kf8 31. Bc1 Kg7 32. Ke3 Rbd8 33. Ba3 Nc8 34. Rdc1 Na7
35. Bf3 Qe8 36. Qd3 Qf7 37. Qd2 Qe8 38. Qe2 Qf7 39. Rg1 Qe8 40. Qd3 Kg8 41. Rf2
Rh7 42. Qb3 Rhd7 43. Rc2 Kh8 44. Rc6 Kh7 45. Qd3 Kh8 46. Rgc1 Qf7 47. R6c2 Qe8
48. Rf1 Rh7 49. Qb3 Rhd7 50. Rc6 Qf7 51. Qc2 Qe8 52. Rc1 Rh7 53. Qg2 Qd7 54.
R1c3 Kg8 55. Bxd5 Nxc6 56. Rxc6 Qxd5 57. Qxd5 Rxd5 58. Rxe6 Rg7 59. Kd3 Kh7 60.
Be7 Rd7 61. Bf6 Rg8 62. Kc4 Rc8 63. d5 Kg8 64. Rc6 Rb8 65. e6 Rh7 66. e7 Kf7
67. Rxc7 1-0

[Event "?"]
[Site "?"]
[Date "2004.03.22"]
[Round "2.8"]
[White "Sudakova, I."]
[Black "Radziewicz, I."]
[Result "1-0"]
[WhiteElo "2310"]
[BlackElo "2442"]
[PlyCount "107"]
[EventDate "2004.??.??"]

1. e4 e6 2. d4 d5 3. Nd2 Nf6 4. e5 Nfd7 5. Bd3 c5 6. c3 Nc6 7. Ne2 cxd4 8. cxd4
f6 9. exf6 Qxf6 10. O-O Bd6 11. Nf3 h6 12. Ng3 O-O 13. Bc2 Rd8 14. Re1 Nf8 15.
Ne5 Qh4 16. f4 Bd7 17. Be3 Be8 18. Rc1 Rac8 19. Bb1 Bb4 20. Rf1 Nxe5 21. fxe5
Rxc1 22. Qxc1 Rd7 23. a3 Qe7 24. axb4 Qxb4 25. Qc5 Qxc5 26. dxc5 d4 27. Bd2 Ng6
28. Ba2 Kh7 29. Bxe6 Re7 30. Bf5 Rxe5 31. Re1 Kg8 32. Bxg6 Rxe1+ 33. Bxe1 Bxg6
34. Ne2 d3 35. Nf4 Be4 36. Kf2 g5 37. Ke3 Bc6 38. Nxd3 Bxg2 39. Kd4 Kg7 40. Ke5
Kg6 41. Nf2 Bc6 42. Ne4 h5 43. Bd2 g4 44. Be1 b6 45. cxb6 axb6 46. Bh4 Ba8 47.
Nd6 Bc6 48. b4 Bg2 49. Nc4 b5 50. Ne3 Bf3 51. Nd5 Bh1 52. Nf4+ Kh6 53. Kf6 Be4
54. Bg5+ 1-0

[Event "?"]
[Site "?"]
[Date "2004.03.22"]
[Round "2.9"]
[White "Peptan, C."]
[Black "Levushkina, E."]
[Result "1-0"]
[WhiteElo "2439"]
[BlackElo "2303"]
[PlyCount "127"]
[EventDate "2004.??.??"]

1. e4 e5 2. Nf3 Nf6 3. Nxe5 d6 4. Nf3 Nxe4 5. Bd3 d5 6. Qe2 Qe7 7. O-O Nd7 8.
Re1 Nec5 9. c4 Nf6 10. cxd5 Nxd5 11. Bc4 Qxe2 12. Rxe2+ Ne7 13. d4 Be6 14. b3
Bxc4 15. bxc4 Nd7 16. Ba3 f6 17. Nc3 Kf7 18. Rb1 Rb8 19. Reb2 b6 20. Nb5 Nc6
21. Bxf8 Rhxf8 22. Nxc7 Na5 23. Rc2 Rfd8 24. Nb5 a6 25. Nd6+ Kg8 26. Nf5 Nf8
27. Kf1 g6 28. Ne3 Ne6 29. d5 Nc5 30. Nd4 Rd6 31. Nb3 Nab7 32. Nxc5 Nxc5 33.
Rcb2 Nd3 34. Rd2 Nc5 35. Nc2 Ne4 36. Rd4 Nc3 37. Rb3 Na4 38. Nb4 Nc5 39. Re3
Kf7 40. Rd1 Re8 41. Rde1 Rxe3 42. Rxe3 Kf8 43. Ra3 a5 44. Nc6 Ne4 45. Rd3 Rd7
46. f3 Nd6 47. Rc3 Nb7 48. Kf2 Nc5 49. Ke3 Kf7 50. Rc1 Rd6 51. Rb1 Na4 52. Kd4
Rd7 53. Rb3 Rd6 54. f4 Rd7 55. Rh3 Kf8 56. Rb3 Kf7 57. g4 Rd6 58. Rh3 Kg8 59.
Re3 Nc5 60. Re8+ Kf7 61. Re7+ Kg8 62. Re8+ Kf7 63. Rb8 Nd7 64. Rd8 1-0

[Event "?"]
[Site "?"]
[Date "2004.03.22"]
[Round "2.10"]
[White "Lagvilava, G."]
[Black "Alexandrova, O."]
[Result "1/2-1/2"]
[WhiteElo "2302"]
[BlackElo "2437"]
[PlyCount "52"]
[EventDate "2004.??.??"]

1. e4 c5 2. Nc3 Nc6 3. g3 g6 4. Bg2 Bg7 5. d3 d6 6. Be3 e6 7. Qd2 Rb8 8. Nf3 e5
9. Nd5 Nge7 10. Bh6 O-O 11. Nxe7+ Qxe7 12. Bxg7 Kxg7 13. h4 f6 14. O-O Be6 15.
a3 a5 16. a4 b6 17. c3 d5 18. Qe2 Rbd8 19. Nd2 Qd7 20. Rfe1 Bg4 21. Bf3 Bxf3
22. Nxf3 dxe4 23. dxe4 Qd3 24. Kg2 Kf7 25. Qxd3 Rxd3 26. Rad1 Rfd8 1/2-1/2

[Event "?"]
[Site "?"]
[Date "2004.03.22"]
[Round "2.11"]
[White "Arakhamia-Grant, K."]
[Black "Krivec, J."]
[Result "1-0"]
[WhiteElo "2435"]
[BlackElo "2301"]
[PlyCount "69"]
[EventDate "2004.??.??"]

1. e4 e5 2. Nf3 d6 3. d4 Nd7 4. Bc4 c6 5. O-O Be7 6. a4 exd4 7. Qxd4 Ngf6 8.
Nc3 O-O 9. Bf4 Nc5 10. Rad1 Be6 11. b4 Bxc4 12. Qxc4 Ne6 13. Bxd6 Bxd6 14. e5
Ne8 15. Ne4 N6c7 16. Nxd6 Nxd6 17. Rxd6 Qe7 18. Rfd1 Nd5 19. Qc5 Nf4 20. Qc4
Nd5 21. b5 Nb6 22. Qe4 cxb5 23. axb5 Rac8 24. h4 Rc5 25. Ng5 g6 26. e6 f6 27.
Rd7 Nxd7 28. Rxd7 Rc7 29. Rxe7 Rxe7 30. Nf3 Rd8 31. h5 gxh5 32. Nd4 Rg7 33. e7
Re8 34. Qe6+ Kh8 35. Nf5 1-0